书目信息 |
| 题名: |
数据通信网络技术
|
|
| 作者: | 曹林 , 张月霞 编著 | |
| 分册: | ||
| 出版信息: | 北京 电子工业出版社 2015.7 |
|
| 页数: | 10,336页 | |
| 开本: | 26cm | |
| 丛书名: | ||
| 单 册: | ||
| 中图分类: | TN919.2 | |
| 科图分类: | ||
| 主题词: | 数据通信--通信网 | |
| 电子资源: | ||
| ISBN: | 978-7-121-26407-8 | |
| 000 | 01060nam0 2200241 450 | |
| 001 | 0400001732 | |
| 005 | 20171019144209.0 | |
| 010 | @a978-7-121-26407-8@dCNY49.00 | |
| 100 | @a20151101d2015 em y0chiy50 ea | |
| 101 | 0 | @achi |
| 102 | @aCN@b110000 | |
| 105 | @ay z 000yy | |
| 106 | @ar | |
| 200 | 1 | @a数据通信网络技术@9shu ju tong xin wang luo ji shu@f曹林,张月霞编著 |
| 210 | @a北京@c电子工业出版社@d2015.7 | |
| 215 | @a10,336页@d26cm | |
| 330 | @a本书共分10章,第1章概述了数据通信网络基础;第2章探讨了数据链路层与网路层协议;第3章研究了传输层协议;第4章总结了计算网络相关应用;第5章阐述了固定电话网、数字数据网、排队论等常规通信网技术;第6章分析了智能网技术;第7章讨论了防火墙、病毒、加密等网络安全技术;第8章研究了计算机网络编程技术;第9~10章,结合工程实际探讨了通信网OPNET仿真技术,并重点讨论了基于OPNET的排队模型及无线建模。 | |
| 606 | 0 | @a数据通信@x通信网 |
| 690 | @aTN919.2@v5 | |
| 701 | 0 | @a曹林@9cao lin@c(数据通信)@4编著 |
| 701 | 0 | @a张月霞@9zhang yue xia@4编著 |
| 801 | 0 | @aCN@b91MARC@c20171019 |
| 905 | @b1030426-30@dTN919.2@f5@e159 | |
| 数据通信网络技术/曹林,张月霞编著.-北京:电子工业出版社,2015.7 |
| 10,336页;26cm |
| ISBN 978-7-121-26407-8:CNY49.00 |
| 本书共分10章,第1章概述了数据通信网络基础;第2章探讨了数据链路层与网路层协议;第3章研究了传输层协议;第4章总结了计算网络相关应用;第5章阐述了固定电话网、数字数据网、排队论等常规通信网技术;第6章分析了智能网技术;第7章讨论了防火墙、病毒、加密等网络安全技术;第8章研究了计算机网络编程技术;第9~10章,结合工程实际探讨了通信网OPNET仿真技术,并重点讨论了基于OPNET的排队模型及无线建模。 |
| ● |
| 相关链接 |
|
|
|
|
正题名:数据通信网络技术
索取号:TN919.2/159
 
预约/预借
| 序号 | 登录号 | 条形码 | 馆藏地/架位号 | 状态 | 备注 |
| 1 | 1030426 | 210304268 | 第二样本阅览室/ [索取号:TN919.2/159] | 在馆 | |
| 2 | 1030427 | 210304277 | 密集书库-物理学院/ [索取号:TN919.2/159] | 在馆 | |
| 3 | 1030428 | 210304286 | 第三借阅区/ [索取号:TN919.2/159] | 在馆 | |
| 4 | 1030429 | 210304295 | 第三借阅区/ [索取号:TN919.2/159] | 在馆 | |
| 5 | 1030430 | 210304302 | 第三借阅区/ [索取号:TN919.2/159] | 在馆 |